000 00521nam a2200169 i 4500
001 84186
003 ES-MaACL
005 20230906174950.0
007 t|
008 041122s1973 sp ||||1| spa d
100 1 _aJay, James M.
_966217
245 1 0 _aMicrobiología moderna de los alimentos /
_cJames M. Jay ; traducida por José Tormo Iguacel.
260 _aZaragoza :
_bAcribia,
_c[1973]
300 _aVI, 319 p. :
_bil. ;
_c25 cm.
700 1 _aTormo Iguacel, José.
_9110654
852 _aES-MaACL
_jC-51990
_bR.85581
999 _c84186
_d84186